New Oxford Atlas for Pakistan (Record no. 298427)

000 -LEADER
fixed length control field 00244 a2200109 4500
001 - CONTROL NUMBER
control field 63354
082 ## - DEWEY DECIMAL CLASSIFICATION NUMBER
Classification number 912.095491 OXF
090 ## - LOCALLY ASSIGNED LC-TYPE CALL NUMBER (OCLC); LOCAL CALL NUMBER (RLIN)
-- 37405
-- 37405
100 ## - MAIN ENTRY--PERSONAL NAME
Personal name Oxford
245 ## - TITLE STATEMENT
Title New Oxford Atlas for Pakistan
260 ## - PUBLICATION, DISTRIBUTION, ETC.
Name of publisher, distributor, etc. PAF Book Club
942 ## - ADDED ENTRY ELEMENTS (KOHA)
Institution code [OBSOLETE] NUST-CAE
Call number prefix 912.095491 OXF
Holdings
Withdrawn status Lost status Damaged status Not for loan Collection code Permanent Location Current Location Date acquired Total Checkouts Full call number Barcode Date last seen Price effective from Koha item type
          College of Aeronautical Engineering (CAE) College of Aeronautical Engineering (CAE) 04/03/2017   912.095491 OXF CAEG-5537 04/05/2017 04/05/2017 Book
© 2023 Central Library, National University of Sciences and Technology. All Rights Reserved.